header

Physical computing (Record no. 55251)

MARC details
000 -LEADER
fixed length control field 01159nam a2200313Ia 4500
082 04 - DEWEY DECIMAL CLASSIFICATION NUMBER
Classification number 004
100 1# - MAIN ENTRY--AUTHOR NAME
Personal name O'Sullivan, Dan.
245 10 - TITLE STATEMENT
Title Physical computing
260 ## - PUBLICATION, DISTRIBUTION, ETC. (IMPRINT)
Place of publication Boston :
Name of publisher Thomson,
Year of publication c2004.
300 ## - PHYSICAL DESCRIPTION
Number of Pages xxix, 464 p. :
Other physical details ill.
500 ## - GENERAL NOTE
General note Includes index.
650 #0 - SUBJECT ADDED ENTRY--TOPICAL TERM
Topical Term Computers.
Topical Term Computer engineering.
Topical Term Computer architecture.
700 1# - ADDED ENTRY--PERSONAL NAME
Personal name Igoe, Tom.
856 40 - ELECTRONIC LOCATION AND ACCESS
Uniform Resource Identifier http://site.ebrary.com/lib/rucke/Doc?id=10082102

No items available.

© 2026 Rongo University
Contact us: librarian | system librarian | Rongo university